Statistiques concernant Les fédérations membres de l'UEFA

Cliquez ici pour prendre le quiz!

Statistiques générales

  • Ce quiz a été pris 116 fois
  • Le résultat moyen est 47 sur 55

Statistiques - réponses

Classement FIFA (21/10/21)Fédérations% Correct
3France
100%
1Belgique
99%
7Espagne
98%
5Angleterre
96%
4Italie
96%
8Portugal
96%
51République d'Irlande
95%
33Russie
95%
17Suède
95%
12Allemagne
94%
11Pays-bas
93%
31République Tchèque
93%
14Suisse
93%
18Croatie
91%
42Ecosse
91%
10Danemark
90%
47Grèce
89%
37Norvège
89%
19Pays de Galles
89%
23Pologne
89%
40Slovaquie
89%
39Turquie
89%
153Andorre
88%
60Finlande
88%
58Irlande du Nord
88%
64Slovénie
88%
32Autriche
87%
62Islande
87%
136Lettonie
87%
25Serbie
87%
26Ukraine
87%
105Estonie
86%
43Hongrie
86%
135Lituanie
86%
94Luxembourg
86%
210Saint-Marin
86%
173Malte
85%
41Roumanie
85%
113Kosovo
84%
73Monténégro
84%
190Liechtenstein
83%
181Moldavie
83%
70Bulgarie
82%
95Biélorussie
80%
63Albanie
79%
74
Macédoine du Nord
78%
56Bosnie-et-Herzégovine
77%
103Chypre
77%
80Israël
77%
89Arménie
73%
119Azerbaïdjan
72%
93Géorgie
71%
198Gibraltar
65%
125Kazakhstan
63%
116Îles Féroé
57%

Distribution des résultats

Percentile par nombre de réponses

% des personnes avec chaque résultat

Votre développement - résultats

Vous n’avez pas pris ce quiz